• 首页
  • 本馆介绍
  • 公告通知
  • 最新文献
  • 馆藏检索
  • 电子资源
  • 读者导购
  • 参考咨询
  • 我的图书馆
  • 登录
  • 详细信息显示
  • 放入我的书架
  • 预约/预借图书
  • 作者相关作品
  • 分类相关作品
  • 丛书相关作品
  • 出版社相关作品

书目信息

  • 表格格式
  • 工作单格式
  • 卡片格式
题名:
叙利亚地理与历史概要
    
 
作者: 阿尔-努斯 著 ;马肇椿 译
分册:  
出版信息: 北京   生活·读书·新知三联书店  1958.8
页数: 283页
开本: 19cm
丛书名:
单 册:
中图分类: K376
科图分类:
主题词: 西亚--历史
电子资源:
ISBN:
000 00680nam0 2200229 45
001 0212191089
005 20031219104102.5
010    @dCNY0.87
091    @a11002.464
100    @a20021219d1958 km y0chiy0120 ea
101 0  @achi
105    @ab z 000yy
200 1  @a叙利亚地理与历史概要@AXu Li Ya Di Li Yu Li Shi Gai Yao@f(叙)伊萨特·阿尔-努斯等著@F(Xu)Yi Sa Te·A Er-Nu Si Deng Zhu@g马肇椿译
210    @a北京@c生活·读书·新知三联书店@d1958.8
215    @a283页@c附图@d19cm
300    @a内部参考
606 0  @a西亚@x历史
690    @aK376@v3
701  0 @a阿尔-努斯@4著
702  0 @a马肇椿@AMa Zhao Chun@4译
801    @aCN@bTSTC@c20021219
905    @f1@b219210@dK376@e6
    
    叙利亚地理与历史概要/(叙)伊萨特·阿尔-努斯等著/马肇椿译.-北京:生活·读书·新知三联书店,1958.8
    283页:附图;19cm
    内部参考
    
    ISBN :CNY0.87
    
●
相关链接 在E读中查询图书 在五车中查询图书 在当当中查询图书 在豆瓣中查询图书


正题名:叙利亚地理与历史概要     索取号:K376/6         预约/预借

序号 登录号 条形码 馆藏地/架位号 状态 备注
1 0219210   001746588   第二样本阅览室/ [索取号:K376/6] 在馆    
唐山师范学院图书馆 欢迎您!
大连网信软件有限公司© 版权所有